Statistics for Top 50 Most Populous Countries

Click here to take the quiz!

General Stats

  • This quiz has been taken 45 times
  • The average score is 42 of 50

Answer Stats

Pop.Country% Correct
215,68 milBrazil
100%
1,425,85 milChina
100%
1,420,86 milIndia
100%
276,17 milIndonesia
100%
237,57 milPakistan
100%
338,89 milUnited States
100%
83,40 milGermany
97%
88,78 milIran
97%
123,70 milJapan
97%
144,69 milRussia
97%
100,22 milDR Congo
94%
220,62 milNigeria
94%
60,08 milSouth Africa
94%
85,53 milTurkey
94%
67,59 milUnited Kingdom
94%
45,60 milArgentina
91%
171,86 milBangladesh
91%
64,67 milFrance
91%
58,97 milItaly
91%
127,87 milMexico
91%
47,55 milSpain
91%
51,93 milColombia
88%
111,64 milEgypt
88%
44,88 milIraq
88%
36,93 milUkraine
88%
124,56 milEthiopia
85%
116,23 milPhilippines
85%
41,07 milPoland
85%
36,15 milSaudi Arabia
85%
45,17 milAlgeria
82%
38,57 milCanada
82%
34,17 milPeru
82%
47,34 milSudan
82%
71,74 milThailand
82%
99,44 milVietnam
82%
54,42 milKenya
79%
51,87 milSouth Korea
79%
66,22 milTanzania
79%
34,05 milMalaysia
76%
37,60 milMorocco
76%
41,54 milAfghanistan
71%
35,99 milAngola
71%
54,33 milMyanmar
65%
33,98 milYemen
62%
33,31 milMozambique
56%
30,68 milNepal
56%
48,75 milUganda
53%
29,87 milMadagascar
50%
33,72 milGhana
47%
34,86 milUzbekistan
38%

Score Distribution

Percentile by Number Answered

Percent of People with Each Score

Your Score History

You have not taken this quiz